| 000 | 00653nam a2200181Ia 4500 | ||
|---|---|---|---|
| 008 | 100920s9999 xx 000 0 und d | ||
| 082 |
_b19884 _a410 थ 68 |
||
| 100 | _aसंपादक: डॉ. बाबर सरोजिनी. | ||
| 245 | _aराजविलासी केवडा. | ||
| 260 |
_bमहाराष्ट राज्य लोकसाहित्य समिती. _c1968 |
||
| 300 |
_a692 _bसाधी |
||
| 365 | _b7.5 | ||
| 520 | _aभाषा. | ||
| 630 | _aराजविलासी केवडा. | ||
| 650 | _aभाषा. | ||
| 730 | _aराजविलासी केवडा. | ||
| 942 | _cBOOK | ||
| 999 |
_c680701 _d680698 |
||